Responses for Show #4202 - Tuesday, December 3, 2002

Contestants

[<< previous game]

Bob DeBellis, a graduate student from New York, New York

Linda Kampe Houtz, a substitute teacher from Lafayette, Indiana

Anne Cichocki, a recent law school graduate from Jacksonville, Florida (whose 1-day cash winnings total $30,900)

[next game >>]

Jeopardy! Round responses

MOUNTAINS
ONE-HIT WONDERS
THE NEW YORKER
TICKER-TAPE PARADE HONOREES
IRS STUFF
2-LETTER ABBREV.
(Alex: And your response must be an abbreviation.)
    $200 1
(Bob: What is Kilahuea?)
...
(Alex: You added an extra syllable.)

Kilauea

AnneBob
    $200 16
Happy Days

Bob
    $200 21
a top hat

Bob
    $200 25
the Korean War

Linda
    $200 12
smoking

Bob
    $200 4
GE

Bob
    $400 2
(Bob: What is Machu Picchu?)

Mount Aconcagua

Bob
Triple Stumper
    $400 17
"Harper Valley PTA"

Linda
    $400 22
Truman Capote

Anne
    $400 26
(Bob: Who is Jack Nicklaus?)

Bobby Jones

Bob
Triple Stumper
    $400 13
moving expenses

Linda
    $400 5
AA

Anne
    $600 3
the Matterhorn

Bob
    $600 18
"Funkytown"

Bob
    $600 23
(Anne: What is a portrait?)

profile

AnneBob
    $800 27
[The end-of-round signal sounds.]

the Statue of Liberty

Linda
    $600 11
an audit

Linda
    $600 6
LP

Linda
    $800 9
William McKinley

Anne
    $800 19
Vicki Lawrence

Triple Stumper
    $800 24
(Alex: We have less than a minute to go.)

Charles Addams

Linda
    $800 14
the Earned Income Tax Credit

Linda
    $800 7
D.A.

Anne
    $1000 10
(Linda: What is Sinai?)
(Bob: What is Mount Ararat?)
(Anne: What is Mount...)

Mount Nebo

AnneLindaBob
Triple Stumper
    $1000 20
["She Blinded Me With Science"]

Thomas Dolby

Bob
    $1000 15
(Linda: What is $1?)

$3

Linda
Triple Stumper
    $1000 8
RV

Bob

Scores at the first commercial break (after clue 15):

Anne Linda Bob
$1,200 $400 $400

Scores at the end of the Jeopardy! Round:

Anne Linda Bob
$1,000 $2,600 $2,600

Double Jeopardy! Round responses

THE VISIGOTH HANDBOOK
(Alex: How can that be to anyone's liking?)
SAM I AM
SCIENCE CLASS
THE OLYMPIC GAMES
MAKING A GOOD IMPRESSIONIST
BEFORE & AFTER
    $400 19
bullfighting

Bob
    $400 11
Samson

Anne
    $400 6
caffeine

Linda
    $400 3
Edgar Degas

Anne
    $400 1
Jerry West Virginia

Anne
    $800 12
Samuel L. Jackson

Anne
    $800 7
incubators

Anne
    $800 26
[The end-of-round signal sounds.]

Australia (Melbourne)

Triple Stumper
    $800 4
Georges Seurat

Anne
    $800 2
Bossa Nova Scotia

Triple Stumper
    $1200 18
(Bob: Who were the Mongols?)

the Huns

LindaBob
    $1200 13
(Bob: Who is Sam Houston?)

Sam Rayburn

Bob
Triple Stumper
    $1200 8
(Alex: That's right, but why would you want to do that?)

methane

Bob
    $1,200 20
(Alex: A minute to go.)

Stronger

Bob
    $1200 5
[The Grand Canal]

Venice

Linda
    $1200 23
Rabbit Warren Commission

Anne
    $1600 16
Sam Raimi

Bob
    $1600 9
Stephen Hawking

Bob
    $1600 21
Nadia Comăneci

Bob
    $1600 14
Claude Monet

Anne
    $1600 24
Pandora's box lunch

Anne
    $2,000 17
(Bob: Who is Samuel Beckett?)

Samuel Taylor Coleridge

Bob
    $2000 10
Linus Pauling

Bob
    $2000 22
(Linda: Who was Samaran?)

Juan Antonio Samaranch

Linda
Triple Stumper
    $2000 15
Pierre-Auguste Renoir

Triple Stumper
    $2000 25
Curtis LeMay Day

Triple Stumper

Scores at the end of the Double Jeopardy! Round:

Anne Linda Bob
$9,000 $3,400 $7,800

[wagering suggestions for these scores]

Final Jeopardy! Round responses

WASHINGTON, D.C.
LindaWhat are constitution & independence
$3,300
BobWhat is Versailles & Constit
$7,700
AnneWhat are Constitution & Independence
$6,601
Constitution & Independence Avenues

Final scores:

Anne Linda Bob
$15,601 $6,700 $100
2-day champion: $46,501 2nd place: $2,000 3rd place: $1,000

Game dynamics:

Coryat scores:

Anne Linda Bob
$9,000 $3,200 $9,800
14 R,
2 W
11 R
(including 1 DD),
3 W
16 R
(including 1 DD),
7 W
(including 1 DD)

Combined Coryat: $22,000

[game clues] [game scores] [suggest correction]

Game tape date: 2002-08-27
The J! Archive is created by fans, for fans. Scraping, republication, monetization, and malicious use prohibited; this site may use cookies and collect identifying information. See terms. The Jeopardy! game show and all elements thereof, including but not limited to copyright and trademark thereto, are the property of Jeopardy Productions, Inc. and are protected under law. This website is not affiliated with, sponsored by, or operated by Jeopardy Productions, Inc. Join the discussion at JBoard.tv.